Vista normal Vista MARC
  • Martínez Romero, Lizbeth

Entrada Nombre Personal

Número de registros utilizados en: 1

001 - NUMERO DE CONTROL

  • campo de control: 59458

003 - IDENTIFICADOR DE NUMERO DE CONTROL

  • campo de control: UPN

005 - FECHA Y HORA DE LA ÜLTIMA TRANSACCIÓN

  • campo de control: 20260430133509.0

008 - DATOS DE LONGITUD FIJA

  • campo de control de longitud fija: 260430|| aca||aabn | a|a d

024 7# - OTROS IDENTIFICADORES NORMALIZADOS

  • Fuente: orcid
  • Número normalizado o código: https://orcid.org/0000-0003-0913-7153

040 ## - FUENTE DE CATALOGACIÓN

  • Agencia original de catalogación: MX-MxUPN

100 ## - ENCABEZAMIENTO - NOMBRE PERSONAL

  • Nombre personal: Martínez Romero, Lizbeth

370 ## - LUGAR ASOCIADO

  • Associated country: México

372 ## - CAMPO DE ACTIVIDAD

  • Field of activity: Administración

373 ## - GRUPO ASOCIADO

  • Associated group: Universidad Autónoma de Baja California

374 ## - OCUPACIÓN

  • Occupation: Docencia e investigación universitaria

670 ## - FUENTE EN LA QUE SE LOCALIZARON DATOS

  • Cita de la fuente: En recurso en línea: Revista de la educación superior, vol. 53, no. 209, (2024)
  • Información localizada: (Lizbeth Martínez Romero)
  • Uniform Resource Identifier: https://redie.uabc.mx/redie/article/view/6398/2789

902 ## - CATALOGADOR

  • Catalogador: Leonor Sotres/300426